00865 2200289 4500001002100000005001500021035002500036007000300061008004100064020002200105040001700127082001400144084001600158100004000174245009100214250002600305260003700331300003100368504003300399650002300432850001200455090002000467090002200487999002200509990002200531990002200553INLIS00000000002705820200526073834 a0010-041700000000454ta170420s2014 yoi g 0 ind d a978-602-225-799-8 aYOPDYOGbind04223a899.5 a899.5 UMM t0 aUmmu Fatimah Ria LestariePengarang1 aTotem(isme) Papua :bsebuah penelusuran karya sastra lisan /cUmmu Fatimah Ria Lestari aCetakan pertama, 20143 aYogyakarta :bLeutikaprio,c2014 axii, 220 halaman ;c19 cm. aBibliografi: halaman 210-213 4aKesusastraan Papua aYOPDYOG aDEP 899.5 UMM t aCB-D.11 2014-2370 aCB-D.11/2014-2370 aCB-D.11/2014-2370 aCB-D.11/2014-2370